Green Bay Packers All Time Leaders - Statistics

General Stats
  • This quiz has been taken 220 times
  • The average score is 5 of 8
Answer Stats
Stat Num Answer Years % Correct
PassingYards 61,655 Brett Favre 1992-07
100%
ReceivingYards 10,137 Donald Driver 1999-12
84%
RushingYards 8,322 Ahman Green 2000-09
81%
Field GoalsMade 370 Mason Crosby 2007-21
78%
Total Points 1,806 Mason Crosby 2007-21
78%
Solo Tackles 720 LeRoy Butler 1990-01
15%
Sacks 99.5 Willie Davis 1960-69
13%
Interceptions 52 Bobby Dillon 1952-59
8%
No matching quizzes found
Score Distribution
Percent of People with Each Score
Percentile by Number Answered
Your Score History
You have not taken this quiz